Historia y narratividad
Guardat en:
| Autor principal: | |
|---|---|
| Format: | Llibre |
| Idioma: | espanyol |
| Publicat: |
Barcelona
Paidós
1999
|
| Edició: | 1a. ed |
| Col·lecció: | Colección Pensamiento Contemporáneo, 56
|
| Matèries: | |
| Etiquetes: |
Afegir etiqueta
Sense etiquetes, Sigues el primer a etiquetar aquest registre!
|
MARC
| LEADER | 00000cam a2200000 a 4500 | ||
|---|---|---|---|
| 001 | UCP7108 | ||
| 003 | CL-VaPUC | ||
| 008 | 991203e19990000SP |||||||||||||||||spa|d | ||
| 020 | |a 8449306760 | ||
| 082 | 0 | 4 | |a 121.68 |b RIC |2 21 |
| 100 | 0 | |a Ricoeur, Paul |e author |9 446 | |
| 245 | 1 | 0 | |a Historia y narratividad |
| 250 | |a 1a. ed | ||
| 300 | |a 230 p | ||
| 942 | |c BK | ||
| 945 | |d 19991203 00:00:00 |a rbrito | ||
| 260 | |a Barcelona |b Paidós |c 1999 | ||
| 650 | 0 | |a Semiótica |9 265317 | |
| 650 | 0 | |a Hermenéutica |9 269473 | |
| 650 | 0 | |a Filosofía del lenguaje |9 257082 | |
| 583 | |a last modification |c 20150413 10:34:14 |k Rodrigo Vera | ||
| 490 | 0 | |a Colección Pensamiento Contemporáneo, 56 | |
| 999 | |c 284431 |d 284429 | ||
| 952 | |0 0 |1 0 |4 0 |6 121_680000000000000_RIC_1999 |7 0 |8 A |9 328450 |a BIBCUR |b BIBCUR |d 2019-11-20 |i 4522575 |o 121.68 RIC 1999 |p 4522575 |r 2025-04-22 |w 2019-11-20 |y BK |k PER | ||
| 952 | |0 0 |1 0 |3 erb |4 0 |6 121_680000000000000_RIC_1999 |7 0 |8 A |9 328451 |a BIBGIM |b BIBGIM |i 514583K |l 1 |o 121.68 RIC 1999 |p 514583K |r 2025-01-15 |s 2023-07-03 |w 2019-11-20 |y BK |z Catalogado en:20150416 |k SSL | ||
| 952 | |0 0 |1 0 |3 erb |4 0 |6 121_680000000000000_RIC_1999 |7 0 |8 A |9 328452 |a BIBGIM |b BIBGIM |i 5298725 |o 121.68 RIC 1999 |p 5298725 |r 2025-01-15 |w 2019-11-20 |y BK |z Catalogado en:20160722 |k SSL | ||
| 952 | |0 0 |1 0 |3 erb |4 0 |6 121_680000000000000_RIC_1999 |7 0 |8 A |9 328453 |a BIBGIM |b BIBGIM |i 5298717 |o 121.68 RIC 1999 |p 5298717 |r 2025-01-15 |w 2019-11-20 |y BK |z Catalogado en:20160722 |k SSL | ||
| 952 | |0 0 |1 0 |3 erb |4 0 |6 121_680000000000000_RIC_1999 |7 0 |8 A |9 328454 |a BIBGIM |b BIBGIM |i 5298709 |o 121.68 RIC 1999 |p 5298709 |r 2025-01-15 |w 2019-11-20 |y BK |z Catalogado en:20160722 |k SSL | ||
| 952 | |0 0 |1 0 |3 erb |4 0 |6 121_680000000000000_RIC_1999 |7 0 |8 A |9 328455 |a BIBGIM |b BIBGIM |i 5298695 |o 121.68 RIC 1999 |p 5298695 |r 2025-01-15 |w 2019-11-20 |y BK |z Catalogado en:20160722 |k SSL | ||
| 952 | |0 0 |1 0 |3 erb |4 0 |6 121_680000000000000_RIC_1999 |7 0 |8 A |9 328456 |a BIBGIM |b BIBGIM |i 5298687 |o 121.68 RIC 1999 |p 5298687 |r 2025-01-15 |w 2019-11-20 |y BK |z Catalogado en:20160722 |k SSL | ||
| 952 | |0 0 |1 0 |3 erb |4 0 |6 121_680000000000000_RIC_1999 |7 0 |8 A |9 328457 |a BIBGIM |b BIBGIM |i 5370892 |o 121.68 RIC 1999 |p 5370892 |r 2025-01-15 |w 2019-11-20 |y BK |z Catalogado en:20170331 |k SSL | ||
| 952 | |0 0 |1 0 |3 erb |4 0 |6 121_680000000000000_RIC_1999 |7 0 |8 A |9 328458 |a BIBGIM |b BIBGIM |i 5419980 |o 121.68 RIC 1999 |p 5419980 |r 2025-01-15 |w 2019-11-20 |y BK |z Catalogado en:20170831 |k SSL | ||